UM Logo

Curriculum development system: (Record no. 5210)

MARC details
000 -LEADER
fixed length control field 00673nam a22001817a 4500
008 - FIXED-LENGTH DATA ELEMENTS--GENERAL INFORMATION
fixed length control field 161014b xxu||||| |||| 00| 0 eng d
020 ## - INTERNATIONAL STANDARD BOOK NUMBER
International Standard Book Number 9710869949
082 ## - DEWEY DECIMAL CLASSIFICATION NUMBER
Edition number 2009
Classification number DFil 375.001
Item number P18
100 ## - MAIN ENTRY--PERSONAL NAME
9 (RLIN) 16175
Personal name Palma, Jesus C.
245 ## - TITLE STATEMENT
Title Curriculum development system:
Remainder of title a handbook for school practitioners in basic education/
Statement of responsibility, etc. Jesus C. Palma
250 ## - EDITION STATEMENT
Edition statement Second edition
260 ## - PUBLICATION, DISTRIBUTION, ETC. (IMPRINT)
Place of publication, distribution, etc. Mandaluyong City:
Name of publisher, distributor, etc. National Book Store,
Date of publication, distribution, etc. c2009.
300 ## - PHYSICAL DESCRIPTION
Extent v, 205 pages:
Other physical details illustrations;
Dimensions 22 cm.
500 ## - GENERAL NOTE
General note Includes index, bibliographical references and appendices.<br/>
650 #0 - SUBJECT ADDED ENTRY--TOPICAL TERM
9 (RLIN) 16176
Topical term or geographic name as entry element Curriculum
Form subdivision Handbooks, manuals, etc.
365 ## - TRADE PRICE
Price amount 635.00
Currency code Php.
942 ## - ADDED ENTRY ELEMENTS (KOHA)
Source of classification or shelving scheme Dewey Decimal Classification
Koha item type Filipiniana
Holdings
Withdrawn status Lost status Source of classification or shelving scheme Damaged status Not for loan Collection code Home library Current library Shelving location Date acquired Source of acquisition Total Checkouts Full call number Barcode Date last seen Date last checked out Cost, replacement price Price effective from Koha item type
    Dewey Decimal Classification     Filipiniana UM Digos College - LIC UM Digos College - LIC Book Cart 09/24/2010 Purchased 7 DFil 375.001 P18 2009 21236 05/15/2025 04/12/2023 635.00 10/14/2016 Filipiniana